000 00813nam a2200229 i 4500
001 169855
003 ES-MaACL
005 20250823091510.0
008 081209s1943 sp |||| | spa d
080 _a781.5
100 1 _aRiemann, Hugo.
_997092
245 1 0 _aComposición musical
_b: (teoría de las formas musicales) /
_cHugo Riemann ; traducción del alemán por Roberto Gerhard.
250 _a2ª ed.
260 _aBarcelona :
_bLabor,
_c1943.
300 _a526 p. ;
_c19 cm.
490 1 _aColección Labor. V. Música ;
_v211-212
650 7 _aFormas musicales
_2embne
_912930
700 0 _aGerhard, Robert.
_956444
830 0 0 _aColección Labor.
_pMúsica
_v211-212
_9188907
852 4 _aES-MaACL
_jE-12362
_9R.140521
_z- Biblioteca Jacinto Martínez Lacalle
999 _c169855
_d169855